000
00253nam a2200109Ia 4500
008
231212s2004 xx 000 0 und d
041
_a
eng
082
_a
625.381
100
_a
Bhandarkar B.G.
245
_a
Applied Physics
260
_a
Pune
_b
Nirali
_c
2004
999
_c
965500
_d
965500